Analyzing real estate decision using Lotus1-2-3
| Main Author: | |
|---|---|
| Format: | Book |
| Published: |
Reston :
Reston Pubs ,
1989
|
| Subjects: |
MARC
| LEADER | 00000cam a2200000 7i4500 | ||
|---|---|---|---|
| 001 | 0000002113 | ||
| 005 | 20021120.0 | ||
| 020 | |a 083599192X | ||
| 040 | |a INS | ||
| 090 | 0 | 0 | |a HD1380. |b J33 1989 |
| 100 | 1 | |a Jaffe, Austin J. | |
| 245 | 1 | 0 | |a Analyzing real estate decision using Lotus1-2-3 |c Austin J. Jaffe |
| 260 | |a Reston : |b Reston Pubs , |c 1989 | ||
| 300 | |a 369p ; |c 23cm. | ||
| 500 | |a Includes index | ||
| 650 | 0 | 0 | |a Lotus 1-2-3 (Computer program) |
| 650 | 0 | 0 | |a Real estate business |x Data processing |
| 999 | |a 0000003554 |b BOOK |c Open Shelf |e Default branch | ||